书目信息 |
| 题名: |
全国勘察设计注册公用设备工程师动力专业考试标准规范汇编
|
|
| 作者: | ;中国计划出版社 编 | |
| 分册: | ||
| 出版信息: | 北京 中国计划出版社 2018.07 |
|
| 页数: | 1册 | |
| 开本: | 30cm | |
| 丛书名: | ||
| 单 册: | ||
| 中图分类: | TK-65 | |
| 科图分类: | ||
| 主题词: | 动力工程--dong li gong cheng--规范--中国--汇编 | |
| 电子资源: | ||
| ISBN: | 978-7-5182-0902-6 | |
| 000 | 01015nam0 2200241 450 | |
| 001 | 202019135777 | |
| 005 | 20191007123108.0 | |
| 010 | @a978-7-5182-0902-6@dCNY240.00 | |
| 100 | @a20191004d2018 em y0chiy50 ea | |
| 101 | 0 | @achi |
| 102 | @aCN@b110000 | |
| 105 | @aa l 000yy | |
| 106 | @ar | |
| 200 | 1 | @a全国勘察设计注册公用设备工程师动力专业考试标准规范汇编@Aquan guo kan cha she ji zhu ce gong yong she bei gong cheng shi dong li zhuan ye kao shi biao zhun gui fan hui bian@f本社编 |
| 210 | @a北京@c中国计划出版社@d2018.07 | |
| 215 | @a1册@c图@d30cm | |
| 300 | @a2018年版 | |
| 330 | @a本书内容包括: 锅炉房设计规范、大中型火力发电厂设计规范、小型火力发电厂设计规范、城镇供热管网设计规范、火力发电厂汽水管道设计规范、锅炉安全技术监察规程、工业锅炉水质、城镇供热直埋热水管道技术规程等。 | |
| 606 | 0 | @a动力工程@Adong li gong cheng@x规范@y中国@j汇编 |
| 690 | @aTK-65@v5 | |
| 711 | 02 | @a中国计划出版社@Azhong guo ji hua chu ban she@4编 |
| 801 | 0 | @aCN@c20190905 |
| 905 | @a河南城建学院图书馆@dTK-65@eZ564 | |
| 全国勘察设计注册公用设备工程师动力专业考试标准规范汇编/本社编.-北京:中国计划出版社,2018.07 |
| 1册:图;30cm |
| 2018年版 |
| ISBN 978-7-5182-0902-6:CNY240.00 |
| 本书内容包括: 锅炉房设计规范、大中型火力发电厂设计规范、小型火力发电厂设计规范、城镇供热管网设计规范、火力发电厂汽水管道设计规范、锅炉安全技术监察规程、工业锅炉水质、城镇供热直埋热水管道技术规程等。 |
| ● |
| 相关链接 |
|
|
|
正题名:全国勘察设计注册公用设备工程师动力专业考
索取号:TK-65/Z564
 
预约/预借
| 序号 | 登录号 | 条形码 | 馆藏地/架位号 | 状态 | 备注 |
| 1 | 1444741 | 214447419 | 自科库501/501自科库 135排6列3层/ [索取号:TK-65/Z564] | 在馆 |